Basic theory of algebraic groups and Lie Algebras
Gespeichert in:
| 1. Verfasser: | |
|---|---|
| Format: | Buch |
| Sprache: | Englisch |
| Veröffentlicht: |
Nueva York
Springer-Verlag
1981
|
| Schriftenreihe: | Graduate Texts in Mathematics, 75
|
| Schlagworte: | |
| Tags: |
Tag hinzufügen
Keine Tags, Fügen Sie den ersten Tag hinzu!
|
MARC
| LEADER | 00000nam a2200000 a 4500 | ||
|---|---|---|---|
| 001 | UCQ9217 | ||
| 003 | CL-VaPUC | ||
| 008 | 981230e19810000US |||||||||||||||||eng|d | ||
| 082 | 0 | 4 | |a 512.55 |b HOC |2 21 |
| 100 | |a Hochschild, Gerhard Paul |e author |9 423700 | ||
| 245 | 1 | 0 | |a Basic theory of algebraic groups and Lie Algebras |
| 300 | |a 267 p | ||
| 942 | |c BK | ||
| 945 | |d 19981230 00:00:00 |a crobeson | ||
| 260 | |a Nueva York |b Springer-Verlag |c 1981 | ||
| 650 | 0 | |a Álgebra de Lie |9 271226 | |
| 650 | 7 | |a GRUPOS ALGEBRAICOS LINEALES |2 CL-VaPUC |9 271381 | |
| 583 | |a last modification |c 19981230 00:00:00 |k Rodrigo Vera | ||
| 490 | 0 | |a Graduate Texts in Mathematics, 75 | |
| 999 | |c 278302 |d 278300 | ||
| 952 | |0 0 |1 0 |4 0 |6 512_550000000000000_HOC_1981 |7 0 |8 A |9 316778 |a BIBMAT |b BIBMAT |d 2019-11-20 |i 131338K |o 512.55 HOC 1981 |p 131338K |r 2025-01-07 |w 2019-11-20 |y BK |k MAT | ||